Directory of journals related to development (Record no. 12757)
[ view plain ]
| 000 -LEADER | |
|---|---|
| fixed length control field | 00260nam a2200097Ia 4500 |
| 082 ## - DEWEY DECIMAL CLASSIFICATION NUMBER | |
| Classification number | RR 016.3092 DIR |
| 245 #0 - TITLE STATEMENT | |
| Title | Directory of journals related to development |
| 260 ## - PUBLICATION, DISTRIBUTION, ETC. (IMPRINT) | |
| Place of publication | Madras |
| Name of publisher | Centre for Development Communication |
| Year of publication | 1986 |
| 300 ## - PHYSICAL DESCRIPTION | |
| Number of Pages | 97p. |
| 942 ## - ADDED ENTRY ELEMENTS (KOHA) | |
| Koha item type | Books |
| Source of classification or shelving scheme | Dewey Decimal Classification |
| Withdrawn status | Lost status | Damaged status | Not for loan | Home library | Current library | Date acquired | Bill Date | Full call number | Accession Number | Price effective from | Koha item type |
|---|---|---|---|---|---|---|---|---|---|---|---|
| NASSDOC Library | NASSDOC Library | 08/10/2004 | 2004-10-22 | RR 016.3092 DIR | 23908 | 18/04/2019 | Books |
